| 000 | 01026nac a22003017a 4500 | ||
|---|---|---|---|
| 001 | BR7704533 | ||
| 003 | BR-BrBNA | ||
| 005 | 20240105114127.0 | ||
| 008 | 230509b bl.|||m| |||| 00| 0 por d | ||
| 040 |
_aBR-BrBNA _bpor _cBiblioteca Nacional de Agricultura |
||
| 072 | _aE10; E30; D50 | ||
| 090 | _aE10 BR7704533 | ||
| 110 | 1 |
_aConselho de Desenvolvimento Economico, Brasilia, DF (Brasil) _92600 |
|
| 245 | 1 | _aPrincipais decisoes (normas e programas)adotadas pelo Excelentissimo Senhor Presidente da Republica, apos apreciacao no Conselho de Desenvolvimento Economico [Brasil] | |
| 260 | 3 |
_aBrasilia, DF (Brasil): _c1977. |
|
| 300 | _a66 p. | ||
| 490 |
_aCDE (Brazil) _vv. 7 _x |
||
| 650 | _aDESENVOLVIMENTO ECONOMICO | ||
| 650 | _aPOLITICA GOVERNAMENTAL | ||
| 650 | _aPROJETO DE DESENVOLVIMENTO | ||
| 650 | _aEMPRESA AGRICOLA | ||
| 650 | _aINCENTIVO FISCAL | ||
| 650 | _aCREDITO | ||
| 650 | _aDECRETO | ||
| 650 | _aDECRETO-LEI | ||
| 909 |
_a202312 _bLúcia Elande _c55 _dLúcia Elande |
||
| 942 |
_2AGRIS _n0 _cMS |
||
| 999 |
_c267541 _d267541 |
||